Redlines Redrawn: Operation Sindoor & India's New Normal (Record no. 3970)

MARC details
000 -LEADER
fixed length control field 00477nam a22001817a 4500
003 - CONTROL NUMBER IDENTIFIER
control field OSt
005 - DATE AND TIME OF LATEST TRANSACTION
control field 20260330153514.0
008 - FIXED-LENGTH DATA ELEMENTS--GENERAL INFORMATION
fixed length control field 260330b |||||||| |||| 00| 0 eng d
020 ## - INTERNATIONAL STANDARD BOOK NUMBER
International Standard Book Number 9788199301825
082 ## - DEWEY DECIMAL CLASSIFICATION NUMBER
Classification number 355.033
Item number BAKR
100 ## - MAIN ENTRY--PERSONAL NAME
Personal name Bakshi, Bipin & others
245 ## - TITLE STATEMENT
Title Redlines Redrawn: Operation Sindoor & India's New Normal
260 ## - PUBLICATION, DISTRIBUTION, ETC.
Place of publication, distribution, etc. New Delhi
Name of publisher, distributor, etc. Konark Pub. Pvt. Ltd
Date of publication, distribution, etc. 2026
300 ## - PHYSICAL DESCRIPTION
Extent 320p
546 ## - LANGUAGE NOTE
Language note English
650 ## - SUBJECT ADDED ENTRY--TOPICAL TERM
Topical term or geographic name entry element Social Science
942 ## - ADDED ENTRY ELEMENTS (KOHA)
Source of classification or shelving scheme Dewey Decimal Classification
Koha item type Book
Holdings
Withdrawn status Lost status Source of classification or shelving scheme Damaged status Not for loan Collection code Home library Current library Shelving location Date acquired Source of acquisition Cost, normal purchase price Inventory number Full call number Barcode Date last seen Price effective from Koha item type
    Dewey Decimal Classification     Non-fiction RIC Library RIC Library General Stacks 03/30/2026 Amazon 995.00 XNZR-210236 355.033 BAKR 003249 03/30/2026 03/30/2026 Book

Venue

Rajasthan International Centre
Sansthan Path,JLN Marg, Jaipur- 302017
Phone: +91-7230904025